<?xml version="1.0" encoding="UTF-8"?>
<collection xmlns="http://www.loc.gov/MARC21/slim">
    <record>
        <controlfield tag="001">48598</controlfield>
        <controlfield tag="005">20160420145259.0</controlfield>
        <datafield tag="037" ind1=" " ind2=" ">
            <subfield code="a">TAZ-PFC-2015-350</subfield>
        </datafield>
        <datafield tag="041" ind1=" " ind2=" ">
            <subfield code="a">spa</subfield>
        </datafield>
        <datafield tag="100" ind1="1" ind2=" ">
            <subfield code="a">Campo Villellas, José Antonio</subfield>
        </datafield>
        <datafield tag="245" ind1="0" ind2="0">
            <subfield code="a">Invernaderos de plantel de fresa  en el término municipal de Capdesaso</subfield>
        </datafield>
        <datafield tag="260" ind1=" " ind2=" ">
            <subfield code="a">Zaragoza</subfield>
            <subfield code="b">Universidad de Zaragoza</subfield>
            <subfield code="c">2015</subfield>
        </datafield>
        <datafield tag="500" ind1=" " ind2=" ">
            <subfield code="a">Aporta en secretaria material físico</subfield>
        </datafield>
        <datafield tag="506" ind1=" " ind2=" ">
            <subfield code="a">by-nc-sa</subfield>
            <subfield code="b">Creative Commons</subfield>
            <subfield code="c">3.0</subfield>
            <subfield code="u">http://creativecommons.org/licenses/by-nc-sa/3.0/</subfield>
        </datafield>
        <datafield tag="520" ind1=" " ind2=" ">
            <subfield code="a">El objetivo del proyecto es realizar el diseño, cálculos, planos y presupuesto que permitan la construcción de invernaderos para el cultivo de plantón de fresa, una nave para el procesado, almacenamiento maquinaria y equipos necesarios para la realización del trabajo, y una balsa, en una parcela de 2,5 hectáreas en el municipio de Capdesaso (Huesca). La característica general del proyecto es la construcción de dos líneas de invernaderos de 11.520 metros cuadrados, cubiertos de malla e instalación del riego por micro aspersión en la parcela en cuestión, para el cultivo y crecimiento de estolón de fresa. Se instalaran 2 líneas de túneles con una superficie de 1,2 hectáreas que se regarán por micro aspersión, un almacén adyacente de 640 metros cuadrados para el procesado y envasado de la planta de fresa y una balsa para asegurar el riego en los meses de octubre, noviembre y diciembre y prever un posible corte de agua por avería en la tubería general de abastecimiento. La parcela está situada en el polígono 507, parcela 18.Coordenadas UTM del centro de la parcela: X: 734712.92 Y: 4634844,32 DATUM WGS84 HUSO 30 La finca se encuentra a 1 km del municipio de Capdesaso (Huesca).</subfield>
        </datafield>
        <datafield tag="521" ind1=" " ind2=" ">
            <subfield code="a">Ingeniero Técnico Agrícola (Explotaciones Agropecuarias)</subfield>
        </datafield>
        <datafield tag="540" ind1=" " ind2=" ">
            <subfield code="a">Derechos regulados por licencia Creative Commons</subfield>
        </datafield>
        <datafield tag="700" ind1=" " ind2=" ">
            <subfield code="a">Aibar Lete, Joaquín</subfield>
            <subfield code="e">dir.</subfield>
        </datafield>
        <datafield tag="710" ind1="2" ind2=" ">
            <subfield code="a">Universidad de Zaragoza</subfield>
            <subfield code="b">Ciencias Agrarias y del Medio Natural</subfield>
            <subfield code="c">Producción Vegetal</subfield>
        </datafield>
        <datafield tag="856" ind1="0" ind2=" ">
            <subfield code="f">539691@celes.unizar.es</subfield>
        </datafield>
        <datafield tag="856" ind1="4" ind2=" ">
            <subfield code="s">19161114</subfield>
            <subfield code="u">http://zaguan.unizar.es/record/48598/files/TAZ-PFC-2015-350.pdf</subfield>
            <subfield code="y">Memoria (spa)</subfield>
        </datafield>
        <datafield tag="856" ind1="4" ind2=" ">
            <subfield code="s">3382685</subfield>
            <subfield code="u">http://zaguan.unizar.es/record/48598/files/TAZ-PFC-2015-350_ANE.pdf</subfield>
            <subfield code="y">Anexos (spa)</subfield>
        </datafield>
        <datafield tag="909" ind1="C" ind2="O">
            <subfield code="o">oai:zaguan.unizar.es:48598</subfield>
            <subfield code="p">proyectos-fin-carrera</subfield>
            <subfield code="p">driver</subfield>
        </datafield>
        <datafield tag="950" ind1=" " ind2=" ">
            <subfield code="a"></subfield>
        </datafield>
        <datafield tag="951" ind1=" " ind2=" ">
            <subfield code="a">deposita:2016-04-20</subfield>
        </datafield>
        <datafield tag="980" ind1=" " ind2=" ">
            <subfield code="a">TAZ</subfield>
            <subfield code="b">PFC</subfield>
            <subfield code="c">EPSHUES</subfield>
        </datafield>
    </record>

    
</collection>